Investigation of the Possibility for Control of High-Temperature Synthesis of Nanomaterials; Materials Science Forum; Vol. 942 : Modern Problems in Materials Processing, Manufacturing, Testing and Quality Assurance

Xehetasun bibliografikoak
Parent link:Materials Science Forum: Scientific Journal
Vol. 942 : Modern Problems in Materials Processing, Manufacturing, Testing and Quality Assurance.— 2019.— [P. 1-10]
Egile nagusia: Sechin A. I. Aleksandr Ivanovich
Erakunde egilea: Национальный исследовательский Томский политехнический университет Инженерная школа неразрушающего контроля и безопасности Отделение контроля и диагностики
Beste egile batzuk: Nazarenko O. B. Olga Bronislavovna, Amelkovich Yu. A. Yuliya Alexandrovna
Gaia:Title screen
The feasibility of creating conditions for control of high-temperature synthesis (SHS) of nanomaterials has been studied. Experiments were carried out to determine the velocity of the combustion wave propagation of aluminum nanopowder obtained by electric explosion. In the course of the study, the factors influencing formation of the induction time: the thermal diffusivity of the substrate, the method of initiation of the combustion wave (flame, spark, heated body), the induction time between the initiating front and the front of the thermal explosion were considered. The relation describing the time of induction of thermal explosion is established.
Режим доступа: по договору с организацией-держателем ресурса
Hizkuntza:ingelesa
Argitaratua: 2019
Gaiak:
Sarrera elektronikoa:https://doi.org/10.4028/www.scientific.net/MSF.942.1
Formatua: Baliabide elektronikoa Liburu kapitulua
KOHA link:https://koha.lib.tpu.ru/cgi-bin/koha/opac-detail.pl?biblionumber=660824

MARC

LEADER 00000nla2a2200000 4500
001 660824
005 20240215125715.0
035 |a (RuTPU)RU\TPU\network\30875 
090 |a 660824 
100 |a 20191028a2019 k y0engy50 ba 
101 0 |a eng 
102 |a CH 
105 |a y z 100zy 
135 |a drgn ---uucaa 
181 0 |a i  
182 0 |a b 
200 1 |a Investigation of the Possibility for Control of High-Temperature Synthesis of Nanomaterials  |f A. I. Sechin, O. B. Nazarenko, Yu. A. Amelkovich 
203 |a Text  |c electronic 
300 |a Title screen 
330 |a The feasibility of creating conditions for control of high-temperature synthesis (SHS) of nanomaterials has been studied. Experiments were carried out to determine the velocity of the combustion wave propagation of aluminum nanopowder obtained by electric explosion. In the course of the study, the factors influencing formation of the induction time: the thermal diffusivity of the substrate, the method of initiation of the combustion wave (flame, spark, heated body), the induction time between the initiating front and the front of the thermal explosion were considered. The relation describing the time of induction of thermal explosion is established. 
333 |a Режим доступа: по договору с организацией-держателем ресурса 
461 0 |0 (RuTPU)RU\TPU\network\24092  |t Materials Science Forum  |o Scientific Journal 
463 0 |0 (RuTPU)RU\TPU\network\28876  |t Vol. 942 : Modern Problems in Materials Processing, Manufacturing, Testing and Quality Assurance  |o January 2019, Tomsk, Russia  |f National Research Tomsk Polytechnic University (TPU) ; ed. A. P. Surzhikov  |v [P. 1-10]  |d 2019 
610 1 |a электронный ресурс 
610 1 |a труды учёных ТПУ 
610 1 |a nanopowders 
610 1 |a propagation velocity of the burning 
610 1 |a self-propagating high-temperature synthesis 
610 1 |a нанопорошки 
610 1 |a горение 
610 1 |a скорость 
610 1 |a высокотемпературный синтез 
700 1 |a Sechin  |b A. I.  |c Specialist in the field of ecology and life safety  |c Professor of Tomsk Polytechnic University, Doctor of technical sciences  |f 1950-  |g Aleksandr Ivanovich  |3 (RuTPU)RU\TPU\pers\32037  |9 16084 
701 1 |a Nazarenko  |b O. B.  |c Specialist in the field of ecology and life safety  |c Professor of Tomsk Polytechnic University, Doctor of technical sciences  |f 1963-  |g Olga Bronislavovna  |3 (RuTPU)RU\TPU\pers\31918  |9 15988 
701 1 |a Amelkovich  |b Yu. A.  |c Specialist in the field of ecology and life safety  |c Associate Professor of Tomsk Polytechnic University, Candidate of technical sciences  |f 1980-  |g Yuliya Alexandrovna  |3 (RuTPU)RU\TPU\pers\31721  |9 15834 
712 0 2 |a Национальный исследовательский Томский политехнический университет  |b Инженерная школа неразрушающего контроля и безопасности  |b Отделение контроля и диагностики  |3 (RuTPU)RU\TPU\col\23584 
801 2 |a RU  |b 63413507  |c 20191028  |g RCR 
856 4 |u https://doi.org/10.4028/www.scientific.net/MSF.942.1 
942 |c CF